Statistics for 1985 Chicago Bears Offensive Roster

Click here to take the quiz!

General Stats

  • This quiz has been taken 186 times
  • The average score is 5 of 11

Answer Stats

HintAnswer% Correct
RBWalter Payton
100%
QBJim McMahon
91%
WRWillie Gault
65%
FBMatt Suhey
45%
LTJimbo Covert
37%
WRDennis McKinnon
35%
CJay Hilgenberg
34%
LGMark Bortz
31%
RGTom Thayer
30%
TEEmery Moorehead
27%
RTKeith Van Horne
27%

Score Distribution

Percentile by Number Answered

Percent of People with Each Score

Your Score History

You have not taken this quiz